[Event "Tilburg NED"]
[Site "Tilburg NED"]
[Date "1994.??.??"]
[Round "?"]
[White "Sokolov, Ivan"]
[Black "Van Wely, Loek"]
[Result "1/2-1/2"]
[WhiteElo "2650"]
[BlackElo "2570"]
[PlyCount "87"]
[EventDate "1994.??.??"]
[Source "www.chesslib.no"]
[SourceDate "2004.05.04"]

1. d4 Nf6 2. c4 g6 3. Nc3 Bg7 4. e4 d6 5. h3 O-O 6. Nf3 Na6 7. Bg5 h6 8. Be3 e5 9. d5 Nc5 10. Nd2 a5 11. Be2 Nfd7 12. g4 a4 13. Qc2 c6 14. h4 Qa5 15. a3 Nb6 16. h5 cxd5 17. cxd5 f5 18. gxf5 gxf5 19. f3 f4 20. Bf2 Bd7 21. O-O-O Bf6 22. Kb1 Rac8 23. Rc1 Kh7 24. Qd1 Rg8 25. Rg1 Rg5 26. Bh4 Rcg8 27. Bxg5 hxg5 28. Qf1 Kh6 29. Bb5 Bc8 30. Qe2 Be7 31. Qh2 Ncd7 32. Bf1 Nf6 33. Bh3 Qa6 34. Bf1 Nxe4 35. Ndxe4 Rd8 36. Qg3 Qa5 37. Nxd6 Qa6 38. Qh3 Qd3+ 39. Ka1 Bd7 40. Nxa4 Bg4 41. Nc3 Qxc3 42. Rb1 Qb3 43. Nc8 Na8 44. Nxe7 1/2-1/2

[Event "Nederland"]
[Site "?"]
[Date "1994.??.??"]
[Round "?"]
[White "van der Sterren, P."]
[Black "Glek, I."]
[Result "0-1"]
[WhiteElo "2605"]
[BlackElo "2615"]
[PlyCount "92"]
[EventDate "1994.??.??"]
[Source "ChessBase"]
[SourceDate "1994.10.01"]

1. d4 Nf6 2. c4 g6 3. Nc3 Bg7 4. e4 d6 5. h3 O-O 6. Bg5 a6 7. Nf3 Nbd7 8. e5 Ne8 9. Qd2 c5 10. Nd5 f6 11. exf6 Nexf6 12. Nxf6+ Nxf6 13. Bd3 Bf5 14. Bxf5 gxf5 15. Bxf6 Bxf6 16. d5 Kh8 17. g4 Qb6 18. Rb1 fxg4 19. hxg4 Qb4 20. g5 Bg7 21. Qxb4 cxb4 22. Ke2 e6 23. dxe6 Rae8 24. Rh3 Rxe6+ 25. Kf1 b5 26. cxb5 axb5 27. Kg2 Rf4 28. Rbh1 Re2 29. Kg3 Rc4 30. b3 Rc3 31. Rxh7+ Kg8 32. R7h4 Re5 33. Kg2 Rf5 34. R1h3 Rc2 35. Rxb4 Rxa2 36. Kg3 Rb2 37. Kg4 Rc5 38. Nd4 Rxf2 39. Nxb5 Be5 40. Rd3 Rg2+ 41. Kh4 Rc1 42. Nd4 Rh1+ 43. Rh3 Bg3+ 44. Kg4 Be1+ 45. Kf3 Rf2+ 46. Kg4 Rg1+ 0-1

[Event "Beer Sheva ISR, World Team Ch"]
[Site "?"]
[Date "2005.11.08"]
[Round "7"]
[White "Mchedlishvili Mikheil"]
[Black "Avrukh Boris"]
[Result "1/2-1/2"]
[WhiteElo "2564"]
[BlackElo "2653"]
[PlyCount "69"]
[EventDate "2005.??.??"]
[Source "www.chesslib.no"]
[SourceDate "2004.05.04"]

1. d4 Nf6 2. c4 g6 3. Nc3 Bg7 4. e4 d6 5. Nf3 O-O 6. h3 Na6 7. Bg5 Qe8 8. Be2 e5 9. d5 Nh5 10. g3 f6 11. Bd2 f5 12. Nh4 Nf6 13. exf5 gxf5 14. Qc2 e4 15. Be3 Nd7 16. Ng2 Ne5 17. Nf4 Nc5 18. O-O-O Bd7 19. Kb1 a6 20. Nh5 Bh8 21. g4 fxg4 22. hxg4 Ned3 23. Ng3 Nxf2 24. Bxf2 Rxf2 25. Ngxe4 Ba4 26. b3 Nxe4 27. Nxe4 Qe5 28. Nc3 Qg7 29. bxa4 Re8 30. Rd2 Re3 31. Bd3 Rxd2 32. Qxd2 Qxc3 33. Qxc3 Bxc3 34. Kc2 Bd4 35. Bxh7+ 1/2-1/2

[Event "6. EICC"]
[Site "?"]
[Date "2005.06.28"]
[Round "10"]
[White "Jobava Baadur"]
[Black "Kotronias Vasilios"]
[Result "0-1"]
[WhiteElo "2637"]
[BlackElo "2578"]
[PlyCount "140"]
[EventDate "2005.??.??"]
[Source "www.chesslib.no"]
[SourceDate "2004.05.04"]

1. d4 Nf6 2. c4 g6 3. Nc3 Bg7 4. e4 d6 5. Nf3 O-O 6. h3 e5 7. d5 Na6 8. Bg5 Qe8 9. g4 Kh8 10. Nd2 Ng8 11. f3 f6 12. Be3 Bh6 13. Bxh6 Nxh6 14. a3 c5 15. Bd3 f5 16. exf5 gxf5 17. Qe2 Ng8 18. O-O-O Bd7 19. Nb5 Bxb5 20. cxb5 Nc7 21. Bxf5 Nxb5 22. Ne4 Nd4 23. Rxd4 exd4 24. Be6 Qe7 25. g5 Rf4 26. Rg1 Qg7 27. Nxd6 Raf8 28. h4 d3 29. Qxd3 Rxf3 30. Qd2 Qe5 31. g6 hxg6 32. Nf7+ R8xf7 33. Bxf7 Rxf7 34. d6 Qd4 35. Qxd4+ cxd4 36. Rxg6 Nf6 37. Kc2 Kh7 38. Rg5 Rd7 39. Ra5 a6 40. Kd3 Rxd6 41. Ra4 Kg6 42. Rxd4 Re6 43. a4 Kf5 44. a5 Ke5 45. Rb4 Re7 46. Rd4 Rg7 47. Kc4 Rg2 48. h5 Rc2+ 49. Kd3 Rxb2 50. Rh4 Rb5 51. h6 Rxa5 52. h7 Ra3+ 53. Kc2 Nxh7 54. Rxh7 b5 55. Rd7 Ke6 56. Rd1 Ke7 57. Kb2 Re3 58. Ra1 Re6 59. Kb3 Kd7 60. Kb4 Kc7 61. Ka5 Re4 62. Ra2 Rc4 63. Ra1 Kc6 64. Ra2 Kc5 65. Ra3 Rc1 66. Kxa6 Kb4 67. Rh3 Rc6+ 68. Kb7 Rg6 69. Rh1 Ka3 70. Rh3+ Ka4 0-1

[Event "Bosna 2001"]
[Site "Sarajevo"]
[Date "2001.05.15"]
[Round "3"]
[White "Georgiev, Kiril"]
[Black "Atalik, Suat"]
[Result "1/2-1/2"]
[WhiteElo "2676"]
[BlackElo "2537"]
[PlyCount "165"]
[EventDate "2001.05.13"]
[Source "ChessBase"]
[SourceDate "2001.09.13"]

1. c4 Nf6 2. Nf3 g6 3. Nc3 Bg7 4. e4 d6 5. d4 O-O 6. h3 Na6 7. g3 Be6 8. Be3 c6 9. Nd2 d5 10. cxd5 cxd5 11. e5 Nd7 12. f4 f6 13. Nf3 Nb6 14. b3 Nb4 15. a3 Nc6 16. Rc1 Qd7 17. Rh2 Rad8 18. g4 Bh6 19. Qd2 fxe5 20. Nxe5 Qe8 21. Rf2 Bg7 22. Nb5 Bxe5 23. fxe5 Rxf2 24. Bxf2 Rc8 25. a4 a6 26. Na3 Nd7 27. Be2 Nf8 28. b4 Na7 29. b5 axb5 30. axb5 Rxc1+ 31. Qxc1 Qd8 32. Qc3 Nc8 33. Be3 Nb6 34. Bh6 Bf7 35. h4 Ne6 36. Kf2 Qc7 37. Qb4 g5 38. Bxg5 Nxg5 39. hxg5 Bg6 40. Qc5 Qd8 41. Ke1 e6 42. Kd1 Kf7 43. Nc2 Ke8 44. Ne3 Nd7 45. Qd6 Qe7 46. Qxe7+ Kxe7 47. Ng2 Kf7 48. Nf4 Be4 49. Kd2 Nf8 50. Ke3 Nd7 51. Nh5 Bg6 52. Nf6 Nb6 53. Kd2 Nc8 54. Kc3 b6 55. Kd2 Kg7 56. Ke3 Kf7 57. Nd7 Ke7 58. Nf6 Kf7 59. Bf1 Na7 60. Kd2 Ke7 61. Kc3 Nc8 62. Bg2 Na7 63. Kb4 Kd8 64. Nh5 Kd7 65. Nf4 Nc8 66. Kc3 Na7 67. Bf1 Ke7 68. Be2 Kf7 69. Kb4 Ke7 70. Nd3 Nc8 71. Kc3 Na7 72. Nf4 Nc8 73. Nh5 Na7 74. Nf6 Nc8 75. Bd3 Bxd3 76. Kxd3 Na7 77. Nxh7 Kf7 78. g6+ Kxg6 79. Nf8+ Kf7 80. Nd7 Nxb5 81. Nxb6 Kg6 82. Nd7 Kg5 83. Nf8 1/2-1/2

[Event "Nussloch"]
[Site "?"]
[Date "1996.??.??"]
[Round "?"]
[White "Huebner, R."]
[Black "Kindermann, S."]
[Result "1/2-1/2"]
[WhiteElo "2635"]
[BlackElo "2575"]
[PlyCount "76"]
[EventDate "1996.??.??"]
[Source "ChessBase"]
[SourceDate "1996.02.01"]

1. d4 Nf6 2. c4 g6 3. Nc3 Bg7 4. e4 d6 5. Nf3 O-O 6. h3 e5 7. dxe5 dxe5 8. Qxd8 Rxd8 9. Nd5 Nxd5 10. cxd5 c6 11. Bc4 b5 12. Bb3 Bb7 13. Bg5 Rd7 14. Rc1 a5 15. O-O a4 16. dxc6 Nxc6 17. Bd5 Nb4 18. Bxb7 Rxb7 19. Bd2 Nd3 20. Rc2 Bf8 21. Rd1 f6 22. Ne1 Nc5 23. f3 Rd7 24. Rdc1 Nb3 25. axb3 axb3 26. Rc3 Rxd2 27. Rxb3 Bh6 28. Rxb5 Be3+ 29. Kh2 Bf4+ 30. Kg1 Be3+ 31. Kh2 Rad8 32. Rb7 Bf4+ 33. Kg1 Be3+ 34. Kh2 Re2 35. Rcc7 Bf4+ 36. Kg1 Be3+ 37. Kh2 Bf4+ 38. Kg1 Be3+ 1/2-1/2

[Event "Aeroflot Open 2008"]
[Site "Moscu RUS"]
[Date "2008.02.19"]
[Round "6.14"]
[White "Khalifman, Alexander"]
[Black "Evdokimov, Alexander A"]
[Result "1/2-1/2"]
[WhiteElo "2638"]
[BlackElo "2569"]
[PlyCount "71"]
[EventDate "2008.02.14"]
[Source "www.chesslib.no"]
[SourceDate "2004.05.04"]

1. d4 Nf6 2. c4 c5 3. d5 g6 4. Nc3 Bg7 5. e4 O-O 6. Nf3 d6 7. h3 e6 8. Bd3 a6 9. a4 b6 10. O-O Ra7 11. a5 exd5 12. axb6 Rb7 13. exd5 Rxb6 14. Re1 Nbd7 15. Na4 Rb7 16. Bf4 Nb6 17. Nc3 Re7 18. Rxe7 Qxe7 19. Qd2 Re8 20. Re1 Qd8 21. Rxe8+ Nxe8 22. Bg5 Bf6 23. Be3 Bg7 24. Bg5 Bf6 25. Bh6 Bg7 26. g4 Nd7 27. Bxg7 Kxg7 28. Kg2 Ndf6 29. Ne2 Qd7 30. Ng3 h5 31. Bf5 gxf5 32. Nxf5+ Kf8 33. Qh6+ Kg8 34. Qg5+ Kh8 35. Qh6+ Kg8 36. Qg5+ 1/2-1/2

[Event "Aeroflot Open 2008"]
[Site "Moscu RUS"]
[Date "2008.02.18"]
[Round "5.8"]
[White "Jobava, Baadur"]
[Black "Shomoev, Anton"]
[Result "1-0"]
[WhiteElo "2643"]
[BlackElo "2562"]
[PlyCount "77"]
[EventDate "2008.02.14"]
[Source "www.chesslib.no"]
[SourceDate "2004.05.04"]

1. d4 Nf6 2. c4 g6 3. Nc3 Bg7 4. e4 d6 5. Nf3 O-O 6. h3 e5 7. d5 Nh5 8. Nh2 Qe8 9. Be2 Nf4 10. Bf3 f5 11. g3 Nxh3 12. Bg2 Qf7 13. Nf3 fxe4 14. Nxe4 Bg4 15. Rxh3 Bxf3 16. Bxf3 Qxf3 17. Qxf3 Rxf3 18. Ke2 Rf8 19. Bh6 Nd7 20. Rah1 Rf7 21. Ng5 Nf6 22. Nxf7 Kxf7 23. Bg5 Ne4 24. Be3 Nf6 25. g4 c6 26. Rd1 Bf8 27. Rf3 Ke7 28. Bg5 Bg7 29. Rh1 Rh8 30. Rb3 b6 31. Ra3 a5 32. dxc6 Ke6 33. Rb3 e4 34. Rxb6 Nxg4 35. Rb7 Bf6 36. Rhxh7 Rc8 37. Bxf6 Nxf6 38. Rhe7+ Kf5 39. c7 1-0

[Event "Bartis Memorial A 9198"]
[Site "Bartis Memorial A 9198"]
[Date "1996.??.??"]
[Round "?"]
[White "Elwert, Hans-Marcus"]
[Black "Copie, Jose Antonio"]
[Result "1-0"]
[WhiteElo "2680"]
[BlackElo "2525"]
[PlyCount "119"]
[EventDate "1996.??.??"]
[Source "www.chesslib.no"]
[SourceDate "2004.05.04"]

1. d4 Nf6 2. c4 g6 3. Nc3 Bg7 4. e4 d6 5. Nf3 O-O 6. h3 e5 7. d5 Nbd7 8. Be3 Nc5 9. Nd2 a5 10. g4 Ne8 11. h4 f5 12. gxf5 gxf5 13. h5 f4 14. Bxc5 dxc5 15. h6 Bf6 16. Qh5 Nd6 17. O-O-O Kh8 18. Be2 Bd7 19. Bg4 Be8 20. Qh3 Bf7 21. Nb5 Qe7 22. f3 Rad8 23. Bh5 Rg8 24. Bxf7 Qxf7 25. Rdg1 Rg5 26. Rxg5 Bxg5 27. Nxd6 cxd6 28. Nb1 Rg8 29. Nc3 Qf8 30. Rg1 Qxh6 31. Qd7 Qf8 32. Qxb7 Be7 33. Rxg8+ Kxg8 34. Qd7 Qg7 35. Nb5 Qg1+ 36. Kc2 Qf2+ 37. Kb3 Qd2 38. a3 Qd1+ 39. Ka2 a4 40. Nc3 Qb3+ 41. Kb1 Kf7 42. Qe6+ Kf8 43. Qc8+ Kg7 44. Qe8 Bf8 45. Qb5 h5 46. Qxb3 axb3 47. a4 Be7 48. a5 Bd8 49. a6 Bb6 50. Kc1 h4 51. Kd2 h3 52. Nd1 Kf7 53. Nf2 h2 54. Ke2 Ke7 55. Kf1 Kd7 56. Kg2 Kc7 57. Nd3 Ba5 58. Nc1 Bc3 59. Nxb3 Bxb2 60. Nxc5 1-0

[Event "Saint_Martin"]
[Site "?"]
[Date "1993.??.??"]
[Round "?"]
[White "Gulko, B."]
[Black "Wojtkiewicz, A."]
[Result "1-0"]
[WhiteElo "2635"]
[BlackElo "2570"]
[PlyCount "79"]
[EventDate "1993.??.??"]
[Source "ChessBase"]
[SourceDate "1993.06.01"]

1. d4 Nf6 2. c4 g6 3. Nc3 Bg7 4. e4 d6 5. Nf3 O-O 6. h3 Nbd7 7. Bg5 a6 8. e5 Ne8 9. Be2 c5 10. Nd5 f6 11. exf6 Nexf6 12. O-O Nxd5 13. cxd5 b6 14. Re1 Nf6 15. dxc5 bxc5 16. Bc4 Ra7 17. Bd2 Nd7 18. Bc3 Nb6 19. Ba5 Qc7 20. Qb3 Rb7 21. Bxa6 Rb8 22. Bxc8 Rfxc8 23. Ng5 Bf6 24. Ne4 Bd4 25. Bc3 Qb7 26. Red1 Qxd5 27. Qxd5+ Nxd5 28. Bxd4 cxd4 29. Rxd4 Nb4 30. Rdd1 Rc4 31. Nc3 Nc2 32. Rab1 Kf7 33. Rd3 Na3 34. Re1 Rxb2 35. Rf3+ Ke8 36. Ne4 Nb5 37. Nf6+ Kd8 38. Nd5 e5 39. Rf8+ Kd7 40. Nb6+ 1-0

[Event "Calviá ol (Men)"]
[Site "Mallorca"]
[Date "2004.10.26"]
[Round "11.27"]
[White "Morovic Fernandez, Ivan"]
[Black "Kozul, Zdenko"]
[Result "0-1"]
[WhiteElo "2564"]
[BlackElo "2640"]
[PlyCount "66"]
[EventDate "2004.10.15"]
[Source "Roberto Alvarez"]
[SourceDate "2004.10.25"]

1. d4 Nf6 2. c4 g6 3. Nc3 Bg7 4. e4 d6 5. Nf3 O-O 6. h3 e5 7. dxe5 dxe5 8. Qxd8 Rxd8 9. Bg5 c6 10. Nxe5 Re8 11. O-O-O Na6 12. Rd6 Be6 13. Bf4 Nc5 14. f3 Nh5 15. Bh2 f5 16. g4 f4 17. Nd3 Nxd3+ 18. Bxd3 Ng3 19. Re1 Be5 20. c5 Kf7 21. Bc2 Rad8 22. Rxd8 Rxd8 23. Bg1 h5 24. Rd1 Rxd1+ 25. Kxd1 Kf6 26. Bb3 Bxb3+ 27. axb3 Kg5 28. Nb1 Kh4 29. Nd2 Kxh3 30. Nc4 Bg7 31. e5 hxg4 32. e6 Nf5 33. Nd6 Bf8 0-1

[Event "Bundesliga 9900"]
[Site "Germany"]
[Date "2000.03.12"]
[Round "12.2"]
[White "Sadler, Matthew"]
[Black "Babula, Vlastimil"]
[Result "1/2-1/2"]
[WhiteElo "2630"]
[BlackElo "2573"]
[PlyCount "75"]
[EventDate "1999.10.??"]
[Source "ChessBase"]
[SourceDate "2000.05.31"]

1. d4 Nf6 2. c4 g6 3. Nc3 Bg7 4. e4 d6 5. Nf3 O-O 6. h3 Na6 7. Bg5 h6 8. Be3 e5 9. d5 Bd7 10. a3 c6 11. Nd2 Kh8 12. g4 Ng8 13. Be2 Ne7 14. h4 f5 15. f3 Rc8 16. g5 hxg5 17. hxg5+ Kg8 18. c5 Nxc5 19. Bxc5 fxe4 20. Qb3 Rf7 21. Bxd6 Nf5 22. Ndxe4 Nd4 23. Qxb7 Bf5 24. dxc6 Rxc6 25. Qxc6 Nxc6 26. Bc4 Nd4 27. O-O-O Be6 28. Bxe6 Nxe6 29. Bxe5 Qb6 30. Nf6+ Bxf6 31. Bxf6 Rh7 32. Rhe1 Rh2 33. Nd5 Qb3 34. Kb1 Re2 35. Rh1 Rh2 36. Rhe1 Re2 37. Rh1 Rh2 38. Rhe1 1/2-1/2

[Event "Arnhem 75/509"]
[Site "?"]
[Date "1999.??.??"]
[Round "?"]
[White "Sadler, Matthew"]
[Black "Nijboer, Friso"]
[Result "1/2-1/2"]
[WhiteElo "2667"]
[BlackElo "2534"]
[PlyCount "68"]
[EventDate "1999.??.??"]
[Source "ChessBase"]
[SourceDate "1999.02.01"]

1. d4 Nf6 2. c4 g6 3. Nc3 Bg7 4. e4 d6 5. Nf3 O-O 6. h3 a6 7. Be3 c6 8. c5 Nbd7 9. Rc1 b6 10. cxb6 Nxb6 11. Bd3 a5 12. Qe2 a4 13. O-O Nfd7 14. e5 Nb8 15. Bg5 d5 16. Nd1 Qd7 17. Ne3 Ba6 18. Rfe1 Bxd3 19. Qxd3 Na6 20. Ng4 Nc7 21. Qc3 Ne6 22. Qxc6 Nxg5 23. Nxg5 Qxc6 24. Rxc6 Nc4 25. Rc7 e6 26. Ne4 Rfc8 27. Nef6+ Bxf6 28. Nxf6+ Kg7 29. Rxc8 Rxc8 30. b3 axb3 31. axb3 Nd2 32. b4 Rc4 33. Ra1 Rxb4 34. Ra8 Rb1+ 1/2-1/2

[Event "Bled/Rogaska Slatina"]
[Site "?"]
[Date "1991.??.??"]
[Round "?"]
[White "Khalifman, A."]
[Black "Damljanovic, B."]
[Result "1-0"]
[WhiteElo "2640"]
[BlackElo "2560"]
[PlyCount "67"]
[EventDate "1991.??.??"]
[Source "ChessBase"]
[SourceDate "1991.06.01"]

1. d4 Nf6 2. Nf3 c5 3. d5 g6 4. c4 Bg7 5. Nc3 d6 6. e4 O-O 7. h3 e6 8. Bd3 Na6 9. O-O e5 10. a3 h6 11. Rb1 Nh7 12. Nh2 f5 13. f4 exf4 14. Bxf4 g5 15. Bd2 f4 16. Nf3 g4 17. hxg4 Bxg4 18. Qe1 Be5 19. Nxe5 dxe5 20. b4 b6 21. Ne2 Ng5 22. Nxf4 exf4 23. Bxf4 Qe8 24. b5 Nb8 25. Bxg5 hxg5 26. Qg3 Rxf1+ 27. Rxf1 Qh5 28. e5 Nd7 29. e6 Nf8 30. Qd6 Qh6 31. Qc6 Rb8 32. e7 Qxc6 33. bxc6 Nd7 34. Bg6 1-0

[Event "Europa ch 2008"]
[Site "Plovdiv BUL"]
[Date "2008.04.27"]
[Round "7.49"]
[White "Sargissian, Gabriel"]
[Black "Marin, Mihail"]
[Result "1-0"]
[WhiteElo "2643"]
[BlackElo "2556"]
[PlyCount "63"]
[EventDate "2008.04.21"]
[Source "www.chesslib.no"]
[SourceDate "2004.05.04"]

1. d4 Nf6 2. c4 c5 3. d5 d6 4. Nc3 g6 5. e4 Bg7 6. h3 O-O 7. Nf3 a6 8. a4 e6 9. Bd3 exd5 10. exd5 Re8+ 11. Be3 Nbd7 12. O-O Nh5 13. Qd2 Ne5 14. Be2 Bd7 15. Rfe1 Qb6 16. Nxe5 Rxe5 17. Bxh5 Rxh5 18. Bf4 Rd8 19. Bg5 f6 20. Bf4 g5 21. Bh2 Rh4 22. Ne4 Bf5 23. g4 Bxe4 24. Rxe4 f5 25. Re2 f4 26. Bxf4 Rxh3 27. Bg3 Rf8 28. Kg2 Rh6 29. Qc2 Qb4 30. a5 b5 31. axb6 Qxb6 32. Rae1 1-0

[Event "Arnhem 75/510"]
[Site "?"]
[Date "1999.??.??"]
[Round "?"]
[White "Sadler, Matthew"]
[Black "Xie Jun"]
[Result "1-0"]
[WhiteElo "2667"]
[BlackElo "2532"]
[PlyCount "79"]
[EventDate "1999.??.??"]
[Source "ChessBase"]
[SourceDate "1999.02.01"]

1. d4 Nf6 2. c4 g6 3. Nc3 Bg7 4. e4 d6 5. Nf3 O-O 6. h3 Na6 7. Bg5 e5 8. d5 c6 9. Nd2 h6 10. Be3 Nh7 11. g4 cxd5 12. cxd5 f5 13. gxf5 gxf5 14. exf5 Bxf5 15. Nde4 Nf6 16. Ng3 Bg6 17. Qd2 Nb4 18. Rc1 e4 19. Bxh6 e3 20. Bxe3 Nd7 21. Nce4 a5 22. Bg2 Nxa2 23. Rd1 Ne5 24. O-O Nc4 25. Qe2 Nxe3 26. Qxe3 Nb4 27. f4 Bh6 28. Ng5 Nc2 29. Qe6+ Kg7 30. Be4 Rf6 31. Qg4 Ne3 32. Ne6+ Kh7 33. Nxd8 Nxg4 34. hxg4 Rxf4 35. Bxg6+ Kxg6 36. Ne6 Rxg4 37. Kg2 a4 38. Rf3 Bg7 39. Kh3 Rb4 40. Nxg7 1-0

[Event "Sonsbeek SNS"]
[Site "Arnhem"]
[Date "1999.05.08"]
[Round "6"]
[White "Sadler, Matthew"]
[Black "Xie Jun"]
[Result "1-0"]
[WhiteElo "2667"]
[BlackElo "2532"]
[PlyCount "79"]
[EventDate "1999.05.??"]
[Source "ChessBase"]
[SourceDate "1999.08.01"]

1. d4 Nf6 2. c4 g6 3. Nc3 Bg7 4. e4 d6 5. Nf3 O-O 6. h3 e5 7. d5 Na6 8. Bg5 c6 9. Nd2 h6 10. Be3 Nh7 11. g4 cxd5 12. cxd5 f5 13. gxf5 gxf5 14. exf5 Bxf5 15. Nde4 Nf6 16. Ng3 Bg6 17. Qd2 Nb4 18. Rc1 e4 19. Bxh6 e3 20. Bxe3 Nd7 21. Nce4 a5 22. Bg2 Nxa2 23. Rd1 Ne5 24. O-O Nc4 25. Qe2 Nxe3 26. Qxe3 Nb4 27. f4 Bh6 28. Ng5 Nc2 29. Qe6+ Kg7 30. Be4 Rf6 31. Qg4 Ne3 32. Ne6+ Kh7 33. Nxd8 Nxg4 34. hxg4 Rxf4 35. Bxg6+ Kxg6 36. Ne6 Rxg4 37. Kg2 a4 38. Rd3 Rb4 39. Kh3 Bg7 40. Nxg7 1-0

[Event "Madrid"]
[Site "?"]
[Date "1997.??.??"]
[Round "?"]
[White "San Segundo, P."]
[Black "Shirov, A."]
[Result "0-1"]
[WhiteElo "2505"]
[BlackElo "2690"]
[PlyCount "46"]
[EventDate "1997.??.??"]
[Source "ChessBase"]
[SourceDate "1997.02.01"]

1. d4 Nf6 2. Nf3 g6 3. c4 Bg7 4. Nc3 O-O 5. e4 d6 6. h3 e5 7. d5 a5 8. Be3 Na6 9. Nd2 Nd7 10. g4 Ndc5 11. Nb3 Nxb3 12. Qxb3 Qh4 13. Rg1 Bh6 14. g5 Bg7 15. O-O-O f5 16. gxf6 Bh6 17. Na4 Bd7 18. f7+ Rxf7 19. Qxb7 Bxa4 20. Qxa8+ Rf8 21. Qxf8+ Kxf8 22. Bxh6+ Qxh6+ 23. Rd2 Nb4 0-1

[Event "Aeroflot Open 2008"]
[Site "Moscu RUS"]
[Date "2008.02.19"]
[Round "6.7"]
[White "Romanov, Evgeny"]
[Black "Amonatov, Farrukh"]
[Result "0-1"]
[WhiteElo "2543"]
[BlackElo "2649"]
[PlyCount "116"]
[EventDate "2008.02.14"]
[Source "www.chesslib.no"]
[SourceDate "2004.05.04"]

1. d4 Nf6 2. c4 g6 3. Nc3 Bg7 4. e4 d6 5. h3 O-O 6. Nf3 Nbd7 7. Bg5 c5 8. d5 h6 9. Be3 b5 10. cxb5 a6 11. a4 Qa5 12. Nd2 Nb6 13. Be2 axb5 14. Bxb5 Ba6 15. Ra3 Nfd7 16. O-O Kh7 17. Bxa6 Qxa6 18. Qc2 Nc4 19. Nxc4 Qxc4 20. Bd2 f5 21. b3 Qb4 22. Nb5 Qxe4 23. Qxe4 fxe4 24. Re1 Rfb8 25. Nc3 Nb6 26. Rxe4 Bxc3 27. Bxc3 Nxd5 28. Bd2 Kg7 29. f4 Kf7 30. Kf2 Rb7 31. a5 Rab8 32. a6 Ra7 33. Rea4 Rb6 34. Ke2 Ke6 35. Kd3 Kd7 36. g4 e6 37. Ke4 Rb8 38. Kd3 h5 39. Ke2 hxg4 40. hxg4 Kc6 41. Rc4 Rb6 42. Rca4 Nc7 43. b4 Rbxa6 44. Rxa6+ Rxa6 45. Rxa6+ Nxa6 46. bxc5 dxc5 47. Kf3 Kd5 48. f5 exf5 49. Kf4 Ke6 50. Kg5 Nb4 51. Kxg6 fxg4 52. Kg5 g3 53. Kg4 g2 54. Be3 c4 55. Kf3 Nd5 56. Bd4 Nf4 57. Be3 c3 58. Kf2 Ke5 0-1

[Event "6. EICC"]
[Site "?"]
[Date "2005.06.30"]
[Round "12"]
[White "Navara David"]
[Black "Gdanski Jacek"]
[Result "1-0"]
[WhiteElo "2647"]
[BlackElo "2544"]
[PlyCount "101"]
[EventDate "2005.??.??"]
[Source "www.chesslib.no"]
[SourceDate "2004.05.04"]

1. d4 Nf6 2. c4 c5 3. d5 g6 4. Nc3 d6 5. e4 Bg7 6. h3 e6 7. Nf3 exd5 8. exd5 O-O 9. Bd3 Qe7+ 10. Kf1 Na6 11. Bf4 Nh5 12. Bg5 f6 13. Bd2 f5 14. Kg1 Nc7 15. Kh2 h6 16. Rb1 Bd7 17. Re1 Qf7 18. Ne2 b5 19. b4 g5 20. Ng3 Nf4 21. Bxf4 gxf4 22. Ne2 cxb4 23. cxb5 Nxb5 24. Bxb5 Bxb5 25. Rxb4 Bxe2 26. Rxe2 Rae8 27. Rxe8 Rxe8 28. Qd3 Be5 29. Qc4 Bg7 30. Qc6 Re2 31. Qa8+ Kh7 32. Rb7 Re7 33. Rxe7 Qxe7 34. a4 Bc3 35. Qc8 Qf6 36. Qd7+ Kg6 37. Qxa7 Bb4 38. Qb8 Bc5 39. Qg8+ Kh5 40. Qe8+ Qg6 41. Qe2 Qf6 42. Nd4+ Kg6 43. Ne6 Kf7 44. a5 Ba7 45. Nxf4 Qe5 46. Qxe5 dxe5 47. Nd3 e4 48. Ne5+ Kf6 49. Nd7+ Ke7 50. Nb6 f4 51. Nc8+ 1-0

[Event "EU-ch 3rd"]
[Site "Batumi"]
[Date "2002.06.24"]
[Round "12"]
[White "Krasenkow, Michal"]
[Black "Delchev, Aleksander"]
[Result "1/2-1/2"]
[WhiteElo "2641"]
[BlackElo "2550"]
[PlyCount "87"]
[EventDate "2002.06.12"]
[Source "ChessBase"]
[SourceDate "2002.09.20"]

1. d4 Nf6 2. c4 g6 3. Nc3 Bg7 4. e4 d6 5. Nf3 O-O 6. h3 e5 7. d5 Na6 8. Bg5 h6 9. Be3 Nc5 10. Nd2 a5 11. Be2 Bd7 12. b3 Ne8 13. h4 f5 14. h5 Na6 15. Nf1 f4 16. Bd2 g5 17. g4 Nc5 18. f3 c6 19. Rb1 Nf6 20. Nh2 cxd5 21. cxd5 b5 22. b4 axb4 23. Rxb4 Na6 24. Rb1 b4 25. Nb5 Qe7 26. Bxb4 Bxb5 27. Bxb5 Nxb4 28. Rxb4 Rxa2 29. O-O Qa7+ 30. Kh1 Rb8 31. Ra4 Rxa4 32. Qxa4 Qe3 33. Bd7 Bf8 34. Be6+ Kh8 35. Qc2 Ra8 36. Rb1 Be7 37. Qb2 Kg7 38. Ra1 Rxa1+ 39. Qxa1 Nxe4 40. fxe4 Qxe4+ 41. Kg1 Qe3+ 42. Kh1 Qe4+ 43. Kg1 Qe3+ 44. Kh1 1/2-1/2

[Event "A"]
[Site "Reggio Emilia A"]
[Date "1988.??.??"]
[Round "?"]
[White "Gurevich, Mikhail N"]
[Black "Damljanovic, Branko"]
[Result "1/2-1/2"]
[WhiteElo "2625"]
[BlackElo "2565"]
[PlyCount "31"]
[EventDate "1988.??.??"]
[Source "www.chesslib.no"]
[SourceDate "2004.05.04"]

1. d4 Nf6 2. c4 g6 3. Nc3 Bg7 4. e4 d6 5. Nf3 O-O 6. h3 c5 7. d5 e6 8. Bd3 exd5 9. exd5 Bf5 10. Bxf5 gxf5 11. O-O Ne4 12. Nxe4 fxe4 13. Nd2 Qf6 14. f3 exf3 15. Nxf3 Qg6 16. Bf4 1/2-1/2

[Event "4th IECC"]
[Site "Istanbul"]
[Date "2003.06.08"]
[Round "9"]
[White "Volkov, Sergey"]
[Black "Minasian, Artashes"]
[Result "0-1"]
[WhiteElo "2634"]
[BlackElo "2555"]
[PlyCount "78"]
[EventDate "2003.05.30"]
[Source "Roberto Alvarez"]
[SourceDate "2003.06.23"]

1. d4 g6 2. c4 Bg7 3. e4 c5 4. d5 d6 5. Nc3 Nf6 6. h3 O-O 7. Nf3 e6 8. Bd3 Na6 9. O-O e5 10. Bg5 h6 11. Be3 Nh7 12. Nh2 f5 13. exf5 gxf5 14. f4 e4 15. Be2 Bd7 16. Rf2 Nc7 17. a4 a6 18. a5 Rb8 19. Na4 Bxa4 20. Qxa4 Bxb2 21. Rb1 b5 22. axb6 Rxb6 23. Nf1 Rb4 24. Qc2 Qf6 25. g4 a5 26. g5 Qg7 27. Kh1 hxg5 28. fxg5 Bd4 29. g6 Ng5 30. h4 Bxe3 31. Nxe3 Qd4 32. g7 Rf7 33. Nxf5 Qxf2 34. Rf1 Rxf5 35. Rxf2 Rxf2 36. hxg5 e3 37. Kg1 a4 38. Qd3 a3 39. Qxe3 Rxe2 0-1

[Event "Tch (Men) 2005/2006 FRA"]
[Site "?"]
[Date "2006.02.03"]
[Round "1"]
[White "Grischuk Alexander"]
[Black "Flear Glenn C"]
[Result "1-0"]
[WhiteElo "2717"]
[BlackElo "2470"]
[PlyCount "101"]
[EventDate "2006.??.??"]
[Source "www.chesslib.no"]
[SourceDate "2004.05.04"]

1. c4 c6 2. e4 e5 3. Nf3 d6 4. d4 Nd7 5. Nc3 Ngf6 6. Be2 g6 7. O-O Bg7 8. d5 cxd5 9. cxd5 O-O 10. Be3 Ng4 11. Bg5 f6 12. Bd2 Nc5 13. b4 Na6 14. a3 Kh8 15. Rc1 f5 16. Ne1 Nf6 17. f3 fxe4 18. fxe4 Ng8 19. Rxf8 Bxf8 20. Nd3 Bh6 21. Kh1 Bd7 22. b5 Nc7 23. a4 Rc8 24. Bxh6 Nxh6 25. Qg1 a6 26. Qb6 axb5 27. Qxd6 Nf7 28. Qa3 bxa4 29. Rf1 Qe8 30. h3 Kg8 31. Nc5 Qe7 32. d6 Nxd6 33. Nxd7 Qxd7 34. Bg4 Ne6 35. Rf6 Qc6 36. Rxe6 Qxc3 37. Qxc3 Rxc3 38. Rxd6 b5 39. Rb6 Rc5 40. Bd7 a3 41. Rxb5 Rxb5 42. Bxb5 Kf8 43. Bc4 Ke7 44. Kh2 Kd6 45. Kg3 Kc5 46. Bd5 Kd4 47. Kg4 h6 48. h4 Ke3 49. h5 gxh5+ 50. Kxh5 Kf2 51. Kxh6 1-0

[Event "Manila"]
[Site "Manila PHI"]
[Date "1973.11.06"]
[Round "15"]
[White "Larsen, Bent"]
[Black "Ljubojevic, Ljubomir"]
[Result "1/2-1/2"]
[WhiteElo "2620"]
[BlackElo "2565"]
[PlyCount "36"]
[EventDate "1973.10.??"]
[Source "www.chesslib.no"]
[SourceDate "2004.05.04"]

1. c4 g6 2. Nc3 Bg7 3. d4 d6 4. e4 Nd7 5. Nf3 e5 6. Be2 Ngf6 7. Be3 exd4 8. Nxd4 O-O 9. Qd2 Re8 10. f3 c6 11. g4 Nc5 12. O-O-O Qa5 13. Kb1 Bd7 14. Rhg1 Rad8 15. Bg5 Qb6 16. h4 Bc8 17. h5 Ne6 18. Nxe6 Bxe6 1/2-1/2